Choose a Valid 1960s Top 200 Boy Name - Statistics

General Stats
  • This quiz has been taken 21 times
  • The average score is 18 of 19
Answer Stats
Hint Answer % Correct
G Gary | Gene | George | Gerald | Gilbert | Glen | Glenn | Gordon | Greg | Gregg | Gregory | Guy
100%
J Jack | James | Jason | Jay | Jeff | Jeffery | Jeffrey | Jerome | Jerry | Jesse | Jim | Jimmy | Joe | Joel | John | Johnny | Jon | Jonathan | Jose | Joseph | Juan
100%
P Patrick | Paul | Perry | Peter | Philip | Phillip
100%
T Terry | Theodore | Thomas | Tim | Timothy | Todd | Tommy | Tony | Tracy | Troy | Tyrone
100%
A Albert | Alexander | Alfred | Allen | Andre | Andrew | Anthony | Antonio | Arthur
94%
B Barry | Benjamin | Bernard | Bill | Billy | Bob | Bobby | Brad | Bradley | Brent | Brett | Brian | Bruce | Bryan
94%
C Calvin | Carl | Carlos | Chad | Charles | Chris | Christopher | Clarence | Clifford | Craig | Curtis
94%
D Dale | Dan | Daniel | Danny | Darin | Darrell | Darren | Darryl | Daryl | Dave | David | Dean | Dennis | Derek | Derrick | Don | Donald | Douglas | Duane | Dwayne
94%
E Earl | Eddie | Edward | Edwin | Eric | Erik | Ernest | Eugene
94%
F Francis | Frank | Franklin | Fred | Frederick
94%
H Harold | Harry | Henry | Herbert | Howard
94%
K Karl | Keith | Kelly | Kenneth | Kent | Kerry | Kevin | Kirk | Kurt | Kyle
94%
L Lance | Larry | Laurence | Lee | Leon | Leonard | Leroy | Leslie | Lonnie | Louis | Luis
94%
M Manuel | Mark | Marcus | Mark | Martin | Marvin | Matthew | Maurice | Melvin | Michael | Micheal | Mike | Mitchell
94%
N Nathan | Nicholas | Norman
94%
R Ralph | Randall | Randy | Ray | Raymond | Reginald | Richard | Rick | Rickey | Ricky | Robert | Rodney | Roger | Ronald | Ronnie | Roy | Russell
94%
S Samuel | Scott | Sean | Shane | Shawn | Stanley | Stephen | Steve | Steven | Stuart
94%
W Walter | Warren | Wayne | Wesley | William | Willie
94%
V Vernon | Victor | Vincent
83%
No matching quizzes found
Score Distribution
Percent of People with Each Score
Percentile by Number Answered
Your Score History
You have not taken this quiz